01269cam a22002171 450000100060000000300080000600500170001400800410003103500190007204000320009104100080012308200390013110000280017024505740019826000690077230000290084150400410087065000220091165000140093370001040094730678BD-RjUL20211209051612.0140410s1954 ii b 000 0 eng d a(BD-RjUL)30765 aDLCcDLCdDLCdBD-RjULbeng aeng 222a297.2845 bCHC V-1 Pt-1&2 19541 aChaudhuri, Roma,d1910-12aA critical study of Dārā Shikūh's "Samudra-saṅgama" :ban Indo-Islamic synthetic philosophy /cVol I in two parts / by Roma Chaudhuri ; Vol II / by Jatindra Bimal Chaudhuri. nVol I in two parts / by Roma Chaudhuri.pPart I :pA Comparative Survey of Indian and Islamic Views (viz. of the Upanisads, Vedanta-Systems, Quran and Sufi-Systems).pPart II :pEnglish Translation of "Samudra Sangama" With Critical Notes Comments Explanations and Reference.nVol II :pFirst critical edition of the Sanskrit text of "Samudra-Saṇgama" /by Jatindra Bimal Chaudhuri.  aCalcutta,bSanskrita Siksa Parisat, Govt. of West Bengal,c1954. a12, 164, 19 p. :c25 cm. aIncludes bibliographical references. 0aIslamxDoctrines. 0aHinduism.12aChaudhuri, Jatindra Bimal.tFirst critical edition of the Sanskrit text of Samudra-saṅgama. 1954.